[Event "11th Aeroflot Open B"]
[Site "Moscow RUS"]
[Date "2012.02.12"]
[Round "6"]
[White "Baghdasaryan, V."]
[Black "Kabanov, N."]
[Result "1-0"]
[WhiteElo "2393"]
[BlackElo "2522"]
[PlyCount "97"]
[EventDate "2012.02.07"]

1. e4 c5 2. Nf3 d6 3. d4 cxd4 4. Nxd4 Nf6 5. Nc3 g6 6. Be3 Bg7 7. f3 Nc6 8. Qd2
O-O 9. Bc4 Bd7 10. h4 Qa5 11. h5 Qb4 12. Nxc6 Bxc6 13. Bb3 Nxh5 14. g4 Nf6 15.
O-O-O Rfe8 16. Bh6 Bh8 17. Qf4 Rad8 18. g5 e5 19. Qxf6 Bxf6 20. gxf6 Qc5 21.
Rd2 Re6 22. Rdh2 Rd7 23. Nd1 Rxf6 24. Bg5 h5 25. Bxf6 Kh7 26. Kb1 d5 27. Nf2
dxe4 28. Ng4 Qd6 29. c3 Kg8 30. Bxe5 Qd3+ 31. Bc2 Qxf3 32. Nf6+ Kf8 33. Nxd7+
Bxd7 34. Re1 Bc6 35. Bd4 a6 36. Rf2 Qg4 37. Bf6 Qg3 38. Rff1 Bb5 39. Rd1 Bd3
40. Rd2 Qe3 41. Rfd1 Qf4 42. Bxd3 Qxf6 43. Bxe4 g5 44. Bxb7 g4 45. c4 h4 46. c5
Qf5+ 47. Rc2 h3 48. c6 Qf3 49. c7 1-0